| 000 | 00863aam a2200361 4500 | ||
|---|---|---|---|
| 005 | 20240306192511.0 | ||
| 008 | 150701b xxu||||| |||| 00| 0 spa d | ||
| 020 | _a9789968542555 | ||
| 041 | _aESP | ||
| 082 | _a658.8 M741m | ||
| 100 |
_aMondol López, Lenin _92475 |
||
| 100 |
_aAmador Hernández, Gustavo _92476 |
||
| 100 |
_aAcuña Cascante, Maureen _98539 |
||
| 245 | _aMi mercado: mercado tikwe | ||
| 260 | _aCosta Rica | ||
| 260 | _bOIM | ||
| 260 | _c2013 | ||
| 300 | _a72 páginas | ||
| 650 | _aMERCADEO | ||
| 650 | _aOFERTA | ||
| 650 | _aADMINISTRACIÓN DE EMPRESAS | ||
| 650 | _aCOMERCIALIZACIÓN | ||
| 650 | _aPRODUCTOS | ||
| 650 | _aPRECIOS | ||
| 650 | _aPOSICIONAMIENTO | ||
| 650 | _aPOBLACIÓN INDÍGENA | ||
| 650 | _aNGÄBE | ||
| 650 | _aBUGLÉ | ||
| 942 |
_cBK _2ddc |
||
| 999 |
_c3214 _d3214 |
||